000 00451nam a22001817a 4500
005 20250415133715.0
008 250411b |||||||| |||| 00| 0 eng d
020 _a978-93-89188-02-8
041 _aeng
082 _a616.07 KAW-E
100 _aKAWTHALKAR,SHIRISH M
_98615
245 _aESSENTIALS OF HEMATOLOGY
250 _a3RD ED. 2020
260 _aNEW DELHI
_bJAYPEE BROTHERS
_c2020
300 _a602;P
650 _aBMLT
_98487
942 _cBK
999 _c8750
_d8748